00389nam a2200097Ia 4500008004100000100002200041245011900063260003900182650000900221856006100230160909s9999 xx 000 0 und d aBosworth, Skyler, 4aThe social construction of media discourse: Washington's initiative I-522 on genetically modified organisms (GMOs) bNorthern Arizona University.c2016 aFOOD uhttp://pqdtopen.proquest.com/doc/1808254160.html?FMT=ABS